| 000 | 00429cam a22001337a 4500 | ||
|---|---|---|---|
| 008 | 180718b2000 xxu||||| |||| 00| 0 eng d | ||
| 082 | _aA81x54 91/02/PT11 | ||
| 100 | _aCensus of India 1991 | ||
| 245 | _aAndhra Pradesh: census atlas | ||
| 260 |
_aDelhi _bThe Controller of Publication _c2000 |
||
| 300 | _a233+p. | ||
| 440 | _aCensus of India 1991. Series-2, Andhra Pradesh. Part XI | ||
| 650 | _aAndhra Pradesh - Atlases - Census | ||
| 999 |
_c486070 _d486070 |
||